000 nam a22 a 4500
999 _c57726
_d57726
003 BLK
005 20220727101322.0
008 180408b bul|||||r ||||||| ||bul||
010 _aKNG00061734000
040 _aBLK
041 _aBUL
_cBUL
080 _aХемотерапия. Кръвопреливане - Кръвна плазма, кръвен серум, преливане. Кръвозаместители. Хипер-, изо- и хипотонични разтвори
_b615.38
_z615.38
080 _aБолести на кръвта. Патологична хематология. Хематологични реакции - Хемофилия, ацидоза, бацилемия, хипергликемия, хипогликемия, хемоглобинопатия, диспротеинемия. Вж и 616. 94
_b616.15
_z616.15
100 1 _aСерафимов-Димитров, Васил Стефанов
_eпърви автор
_9287817
139 _aТрансфузионна хематология
_bТ 79
245 1 0 _aТрансфузионна хематология
_bМоногр.
_cВасил Стефанов Серафимов-Димитров; ред. Васил Стефанов Серафимов-Димитров.
257 _aBGR
260 _bМедицина и физкултура
_c1972
_aСофия
300 _a432 с.
_bс табл., диагр., 10 л. ил.
_c22 см
380 _a61
500 _aРез. на англ. ез. - Библиогр. след всеки раздел. - Предм. показалец
650 4 _aХематология
_9176390
653 _aхематология
700 1 _aСерафимов-Димитров, Васил Стефанов
_eред.
_9369581
852 _aЦб 63642
856 4 _qpdf
856 4 _qpdf
942 _cKNG
_n0
_s1
944 _aCR
_c13.06.2004
_kГеновева_Генчева
944 _aED
_c24.10.2006
999 _d57726